| 000 | 00652nam a22002172 4500 | ||
|---|---|---|---|
| 001 | 0000000916 | ||
| 005 | 20151217155200.0 | ||
| 008 | 070222s xx 000 0 eng d | ||
| 020 |
_a0851114075 : _cKES 690 |
||
| 040 |
_aKABU _cKABU |
||
| 050 | 0 |
_aBS65 _b.S76 2003 |
|
| 100 | 1 |
_aStott, John. _@0000149359 |
|
| 245 | 1 | 0 |
_aWhy I am a Christian : _bthis is my story / _cJohn Stott. |
| 260 |
_aLeicester : _bInter Varsity Press, _c2003. |
||
| 300 |
_a149 p. ; _c22 cm. |
||
| 650 | 0 |
_aTheology, Doctrinal. _@0000100890 |
|
| 650 | 0 |
_aChristianity. _@0000148830 |
|
| 908 | _a070222 | ||
| 950 | _@1 | ||
| 999 |
_c11828 _d11828 |
||